[Event "Coventry International"]
[Site "Coventry"]
[Date "2025.10.28"]
[Round "4.29"]
[White "Keerthi Kumar, Advait"]
[Black "Ratcliffe, James"]
[Result "1/2-1/2"]
[WhiteElo "1968"]
[BlackElo "1773"]
[PlyCount "132"]
[EventDate "2025.10.26"]
[EventType "swiss"]
[EventRounds "9"]
[EventCountry "ENG"]
[SourceTitle "BritBase"]
[Source "John Saunders"]
[SourceDate "2025.10.31"]
[SourceVersion "1"]
[SourceVersionDate "2025.10.31"]
[SourceQuality "1"]

1. e4 c5 2. Nf3 Nc6 3. d4 cxd4 4. Nxd4 g6 5. c4 Nf6 6. Nc3 d6 7. f3 Bg7 8. Be3 O-O 9. Qd2 Nxd4 10. Bxd4 Bd7 11. Be2 Bc6 12. b3 a5 13. a4 Nd7 14. Bxg7 Kxg7 15. h4 h5 16. Qd4+ Nf6 17. O-O-O Rh8 18. g4 Kg8 19. Rh2 Qb8 20. g5 Nd7 21. f4 Qa7 22. Kc2 Qxd4 23. Rxd4 Nc5 24. f5 Rd8 25. Nd5 Bxd5 26. exd5 gxf5 27. Bf3 Kg7 28. Re2 Rd7 29. Rd1 Kg6 30. Rde1 e5 31. dxe6 fxe6 32. Rxe6+ Nxe6 33. Rxe6+ Kg7 34. Kd3 Rdd8 35. Re7+ Kg6 36. Rxb7 Rb8 37. Rb5 Rhe8 38. Bc6 Rec8 39. Bd7 Rf8 40. Bxf5+ Kf7 41. Be4 Kg7 42. Kd4 Rbe8 43. Rb7+ Kh8 44. Bg6 Re2 45. Bxh5 Rh2 46. Bf7 Rxh4+ 47. Kd5 Rd8 48. Rb5 Kg7 49. g6 Kf6 50. Kc6 Rh3 51. Kb6 Ra8 52. c5 dxc5 53. Rxc5 Rhh8 54. Rc6+ Kg7 55. Rc7 Rhb8+ 56. Rb7 Rxb7+ 57. Kxb7 Rh8 58. Kb6 Rh5 59. Be8 Rh8 60. Bc6 Rb8+ 61. Kxa5 Rxb3 62. Be8 Rb8 63. Bf7 Ra8+ 64. Kb4 Rb8+ 65. Ka3 Ra8 66. Bd5 Rxa4+ 1/2-1/2

[Event "Coventry International"]
[Site "Coventry"]
[Date "2025.10.28"]
[Round "4.30"]
[White "Shivakumar, Akshath"]
[Black "Udovenko, Daniel Alexander"]
[Result "1/2-1/2"]
[WhiteElo "1872"]
[BlackElo "1945"]
[PlyCount "100"]
[EventDate "2025.10.26"]
[EventType "swiss"]
[EventRounds "9"]
[EventCountry "ENG"]
[SourceTitle "BritBase"]
[Source "John Saunders"]
[SourceDate "2025.10.31"]
[SourceVersion "1"]
[SourceVersionDate "2025.10.31"]
[SourceQuality "1"]

1. d4 Nf6 2. Bg5 g6 3. Bxf6 exf6 4. e3 d5 5. g3 Bd6 6. Bg2 c6 7. Ne2 O-O 8. Nd2 Nd7 9. c4 dxc4 10. Nxc4 Bb4+ 11. Nc3 Nb6 12. Nxb6 Qxb6 13. O-O f5 14. Rc1 Be6 15. Na4 Qb5 16. a3 Be7 17. Rc3 h5 18. Qc2 Bd5 19. Nc5 Bxg2 20. Kxg2 b6 21. a4 Qa5 22. Nd3 Rac8 23. Nf4 c5 24. Nd5 Bd6 25. b4 Qa6 26. bxc5 bxc5 27. dxc5 Be5 28. Rc4 Qc6 29. e4 Rfe8 30. Nb4 Qa8 31. c6 fxe4 32. Rxe4 a5 33. Nd3 Rxc6 34. Qe2 Rc4 35. f3 Rxe4 36. Qxe4 Qxe4 37. fxe4 Bg7 38. Kf3 Rb8 39. Rc1 Rb3 40. Ke2 Ra3 41. Rc4 Ra2+ 42. Kf3 Rxh2 43. Nf2 g5 44. Ke2 Be5 45. Rc5 f6 46. Rxa5 Bxg3 47. Rf5 Bxf2 48. Rxf2 Rh4 49. Ke3 Kg7 50. Ra2 f5 1/2-1/2

[Event "Coventry International"]
[Site "Coventry"]
[Date "2025.10.28"]
[Round "4.31"]
[White "Gunarathne, Senith"]
[Black "Sandhu, Manvith"]
[Result "1-0"]
[WhiteElo "1849"]
[BlackElo "1937"]
[PlyCount "71"]
[EventDate "2025.10.26"]
[EventType "swiss"]
[EventRounds "9"]
[EventCountry "ENG"]
[SourceTitle "BritBase"]
[Source "John Saunders"]
[SourceDate "2025.10.31"]
[SourceVersion "1"]
[SourceVersionDate "2025.10.31"]
[SourceQuality "1"]

1. e4 c5 2. Nf3 e6 3. d4 cxd4 4. Nxd4 a6 5. c4 Nf6 6. Nc3 Qc7 7. a3 Nxe4 8. Nxe4 Qe5 9. Qe2 Qxd4 10. Bg5 f5 11. Ng3 g6 12. Nxf5 Qc5 13. Bf6 Rg8 14. Ng3 Be7 15. Ne4 Qf5 16. h4 b6 17. g4 Qf4 18. Bg5 Qc7 19. Bg2 Bb7 20. Bxe7 Kxe7 21. Qd2 Qe5 22. Qg5+ Qxg5 23. hxg5 Rg7 24. Kf1 Bxe4 25. Bxe4 Nc6 26. Bxc6 dxc6 27. Rd1 Rd8 28. Rxd8 Kxd8 29. Ke2 Ke7 30. Ke3 e5 31. b4 Ke6 32. Rh3 c5 33. Rh1 cxb4 34. axb4 a5 35. bxa5 bxa5 36. Rb1 1-0

[Event "Coventry International"]
[Site "Coventry"]
[Date "2025.10.28"]
[Round "4.32"]
[White "Dissanayake, Sathsara"]
[Black "Moyse, Nigel J"]
[Result "1/2-1/2"]
[WhiteElo "1845"]
[BlackElo "1926"]
[PlyCount "151"]
[EventDate "2025.10.26"]
[EventType "swiss"]
[EventRounds "9"]
[EventCountry "ENG"]
[SourceTitle "BritBase"]
[Source "John Saunders"]
[SourceDate "2025.10.31"]
[SourceVersion "1"]
[SourceVersionDate "2025.10.31"]
[SourceQuality "1"]

1. e4 e5 2. Nf3 Nc6 3. Bb5 a6 4. Ba4 Nf6 5. O-O Be7 6. Re1 b5 7. Bb3 O-O 8. c3 d6 9. h3 Nb8 10. d4 Nbd7 11. Bg5 Bb7 12. Bc2 c5 13. Nbd2 cxd4 14. cxd4 Rc8 15. Rc1 Ne8 16. Be3 Nef6 17. Bg5 Re8 18. Nf1 h6 19. Bd2 Bf8 20. Ng3 g6 21. Bc3 Bg7 22. Qd2 exd4 23. Nxd4 Nc5 24. f3 Nfd7 25. b4 Ne6 26. Nxe6 Bxc3 27. Qxc3 Qb6+ 28. Qd4 fxe6 29. Qxb6 Nxb6 30. e5 Kf7 31. exd6 Red8 32. Be4 Bd5 33. Bxd5 Nxd5 34. Rxc8 Rxc8 35. a3 Nf6 36. Re5 Rc6 37. Rc5 Rxd6 38. Rc7+ Rd7 39. Rc6 Ra7 40. Kf2 a5 41. Rb6 axb4 42. axb4 Ra2+ 43. Kf1 Nd5 44. Rb7+ Kf8 45. Ne2 Ne3+ 46. Kf2 Nxg2 47. Kxg2 Rxe2+ 48. Kg3 Re5 49. Kf4 Rd5 50. Ke4 Rh5 51. f4 Rxh3 52. Rxb5 Kf7 53. Rb7+ Kf6 54. Rb8 Rh1 55. b5 Rb1 56. b6 Rb4+ 57. Kf3 h5 58. b7 Kg7 59. Ke2 Rb3 60. Kf2 Rb5 61. Kf3 Rb4 62. Kg3 Rb3+ 63. Kg2 h4 64. Kh2 h3 65. Re8 Rxb7 66. Rxe6 Rb3 67. Re5 Rf3 68. Rg5 Kf6 69. Rb5 Ke6 70. Rg5 Kf6 71. Rb5 Rxf4 72. Kxh3 Rf5 73. Rb6+ Kg5 74. Kg3 Ra5 75. Rb3 Kh5 76. Rc3 1/2-1/2

[Event "Coventry International"]
[Site "Coventry"]
[Date "2025.10.28"]
[Round "4.33"]
[White "Manickam, Saravanna Bava"]
[Black "Ireland, David J"]
[Result "0-1"]
[WhiteElo "1808"]
[BlackElo "1956"]
[PlyCount "80"]
[EventDate "2025.10.26"]
[EventType "swiss"]
[EventRounds "9"]
[EventCountry "ENG"]
[SourceTitle "BritBase"]
[Source "John Saunders"]
[SourceDate "2025.10.31"]
[SourceVersion "1"]
[SourceVersionDate "2025.10.31"]
[SourceQuality "1"]

1. d4 Nf6 2. Bf4 c5 3. e3 e6 4. c3 b6 5. Be2 Bb7 6. Nf3 d5 7. Nbd2 Nc6 8. h3 Bd6 9. Ne5 Qc7 10. Bb5 O-O 11. Ndf3 Ne4 12. O-O f6 13. Nd3 a6 14. Bxd6 Qxd6 15. Ba4 a5 16. Bc2 Ba6 17. a4 e5 18. Re1 Rae8 19. Nc1 f5 20. dxe5 Nxe5 21. Nxe5 Qxe5 22. Bb3 Rd8 23. Ne2 g5 24. Qc2 Rde8 25. Rad1 Bb7 26. c4 f4 27. exf4 gxf4 28. cxd5 Nd6 29. Qd3 f3 30. gxf3 Qh5 31. f4 Bc8 32. Kh2 Re4 33. Rg1+ Kf7 34. Rd2 c4 35. Qg3 Rxe2 36. Qg7+ Ke8 37. Rxe2+ Qxe2 38. Bd1 Qxf2+ 39. Rg2 Qxf4+ 40. Kh1 Qf1+ 0-1

[Event "Coventry International"]
[Site "Coventry"]
[Date "2025.10.28"]
[Round "4.34"]
[White "Matthews, Adrian Ms"]
[Black "Patel, Devan"]
[Result "0-1"]
[WhiteElo "1804"]
[BlackElo "1938"]
[PlyCount "72"]
[EventDate "2025.10.26"]
[EventType "swiss"]
[EventRounds "9"]
[EventCountry "ENG"]
[SourceTitle "BritBase"]
[Source "John Saunders"]
[SourceDate "2025.10.31"]
[SourceVersion "1"]
[SourceVersionDate "2025.10.31"]
[SourceQuality "1"]

1. e4 e5 2. Nf3 Nc6 3. Bb5 a6 4. Ba4 Nf6 5. d3 b5 6. Bb3 Bc5 7. O-O d6 8. h3 h6 9. c3 O-O 10. Re1 Re8 11. Nbd2 Be6 12. Nf1 Bb6 13. Bxe6 Rxe6 14. Ne3 d5 15. exd5 Nxd5 16. Ng4 Qe7 17. Be3 f5 18. Ngh2 Nxe3 19. fxe3 f4 20. d4 fxe3 21. Kh1 exd4 22. cxd4 Re4 23. Qb3+ Kh8 24. Qd5 Re6 25. Ne5 Rd8 26. Nxc6 Rxd5 27. Nxe7 Rxe7 28. Nf3 e2 29. Ne5 Kg8 30. Rxe2 Bxd4 31. Rd2 Rexe5 32. Rad1 Re4 33. g3 c6 34. Kg2 Bxb2 35. Rxd5 cxd5 36. Rxd5 Ra4 0-1

[Event "Coventry International"]
[Site "Coventry"]
[Date "2025.10.28"]
[Round "4.35"]
[White "Swiatkowski, Aram"]
[Black "Vaidyanathan, Sathya"]
[Result "0-1"]
[WhiteElo "1860"]
[BlackElo "1770"]
[PlyCount "66"]
[EventDate "2025.10.26"]
[EventType "swiss"]
[EventRounds "9"]
[EventCountry "ENG"]
[SourceTitle "BritBase"]
[Source "John Saunders"]
[SourceDate "2025.10.31"]
[SourceVersion "1"]
[SourceVersionDate "2025.10.31"]
[SourceQuality "1"]

1. e4 e5 2. Nf3 Nc6 3. d4 exd4 4. Bc4 Nf6 5. e5 d5 6. Bb5 Nd7 7. Bxc6 bxc6 8. Nxd4 Nxe5 9. O-O c5 10. Re1 cxd4 11. Rxe5+ Be6 12. Qxd4 c5 13. Qa4+ Qd7 14. Qxd7+ Kxd7 15. Nc3 Bd6 16. Re2 Rhe8 17. Bg5 f6 18. Bh4 d4 19. Ne4 Bd5 20. f3 f5 21. Rae1 fxe4 22. fxe4 Bc4 23. Rf2 Rf8 24. Rd2 Bf4 25. Rdd1 g5 26. Bf2 Bxh2+ 27. Kxh2 Rxf2 28. b4 Rxc2 29. bxc5 d3 30. e5 Rxa2 31. Re4 Bb5 32. e6+ Ke7 33. Rf1 Rf8 0-1

[Event "Coventry International"]
[Site "Coventry"]
[Date "2025.10.28"]
[Round "4.36"]
[White "Miller, George I"]
[Black "Ranasinghe, Chaniru"]
[Result "1/2-1/2"]
[WhiteElo "1873"]
[BlackElo "1805"]
[PlyCount "125"]
[EventDate "2025.10.26"]
[EventType "swiss"]
[EventRounds "9"]
[EventCountry "ENG"]
[SourceTitle "BritBase"]
[Source "John Saunders"]
[SourceDate "2025.10.31"]
[SourceVersion "1"]
[SourceVersionDate "2025.10.31"]
[SourceQuality "1"]

1. d4 Nf6 2. Nc3 d5 3. Bf4 e6 4. e3 Bd6 5. Nf3 c6 6. Ne5 Qc7 7. Bg3 Nbd7 8. f4 Bb4 9. Bd3 Qa5 10. O-O O-O 11. Be1 Qd8 12. Qf3 c5 13. g4 c4 14. g5 cxd3 15. gxf6 Qxf6 16. Nxd5 exd5 17. Bxb4 Nxe5 18. dxe5 Qg6+ 19. Qg3 dxc2 20. Bxf8 Kxf8 21. Qxg6 hxg6 22. e4 d4 23. Rf2 d3 24. Rd2 Be6 25. Rxd3 Bxa2 26. Rc3 Bb1 27. Ra5 b6 28. Rd5 a5 29. Rd7 Ke8 30. Rdc7 b5 31. Kf2 b4 32. Rc8+ Rxc8 33. Rxc8+ Kd7 34. Rc5 a4 35. Ke3 a3 36. bxa3 bxa3 37. Kd2 a2 38. Ra5 Kc6 39. Kc1 Kb6 40. Ra3 Kc5 41. Kb2 Kd4 42. Ra4+ Kd3 43. Kc1 a1=Q 44. Rxa1 Kxe4 45. Ra4+ Kf5 46. Kd2 f6 47. Ra5 fxe5 48. fxe5 Ke6 49. Rc5 Kd7 50. Ke3 Ke7 51. Kf4 Ke6 52. h4 Ke7 53. Rc7+ Ke6 54. Rc6+ Ke7 55. Rc3 Ke6 56. Rc5 Kd7 57. Ke3 Ke6 58. Kd4 Ke7 59. Kd5 Ba2+ 60. Kd4 Bb1 61. Rc7+ Ke6 62. Rc3 Ke7 63. Rc7+ 1/2-1/2

[Event "Coventry International"]
[Site "Coventry"]
[Date "2025.10.28"]
[Round "5.2"]
[White "Wadsworth, Matthew J"]
[Black "Golubka, Petr"]
[Result "1-0"]
[WhiteElo "2487"]
[BlackElo "2385"]
[PlyCount "141"]
[EventDate "2025.10.26"]
[EventType "swiss"]
[EventRounds "9"]
[EventCountry "ENG"]
[SourceTitle "BritBase"]
[Source "John Saunders"]
[SourceDate "2025.10.31"]
[SourceVersion "1"]
[SourceVersionDate "2025.10.31"]
[SourceQuality "1"]

1. c4 g6 2. g3 Bg7 3. Bg2 e5 4. Nc3 Ne7 5. d3 c6 6. e4 Na6 7. Be3 Nc7 8. d4 d5 9. cxd5 cxd5 10. dxe5 Bxe5 11. Nf3 Bxc3+ 12. bxc3 O-O 13. e5 Bg4 14. O-O Re8 15. h3 Bxf3 16. Qxf3 Nc6 17. Bd4 Nxe5 18. Qf4 f6 19. Rfe1 Qd6 20. Rad1 b5 21. g4 Re6 22. Re3 Rae8 23. Rde1 Qd7 24. Qg3 g5 25. Bxe5 fxe5 26. Rxe5 h6 27. Rxe6 Rxe6 28. Rd1 Kg7 29. Qd3 a6 30. Qd4+ Kg8 31. Bxd5 Nxd5 32. Qxd5 Qxd5 33. Rxd5 Rc6 34. Rd3 Kf7 35. Kg2 Ke6 36. Kg3 Rc4 37. h4 Ra4 38. Rd8 Kf7 39. Rd7+ Ke6 40. Rh7 gxh4+ 41. Kxh4 Rxa2 42. Rxh6+ Ke5 43. Kg5 Rxf2 44. Rxa6 Rf8 45. Rb6 Rg8+ 46. Kh4 Kf4 47. Rf6+ Ke5 48. g5 Rc8 49. Rb6 Kf4 50. Kh5 Rc5 51. Rf6+ Ke4 52. Kh6 Rxc3 53. Rb6 Rh3+ 54. Kg7 Rb3 55. g6 Kd5 56. Kf7 Kc5 57. g7 Kxb6 58. g8=Q Rf3+ 59. Ke6 Re3+ 60. Kd5 Rd3+ 61. Ke5 Rc3 62. Qd8+ Ka6 63. Kd4 Rc4+ 64. Kd5 Ra4 65. Qf6+ Ka5 66. Kc6 Rc4+ 67. Kb7 Ka4 68. Kb6 b4 69. Qa1+ Kb3 70. Kb5 Rc3 71. Qb1+ 1-0

[Event "Coventry International"]
[Site "Coventry"]
[Date "2025.10.28"]
[Round "5.3"]
[White "Kanyamarala, Tarun"]
[Black "Kovchan, Alexander"]
[Result "1/2-1/2"]
[WhiteElo "2376"]
[BlackElo "2444"]
[PlyCount "56"]
[EventDate "2025.10.26"]
[EventType "swiss"]
[EventRounds "9"]
[EventCountry "ENG"]
[SourceTitle "BritBase"]
[Source "John Saunders"]
[SourceDate "2025.10.31"]
[SourceVersion "1"]
[SourceVersionDate "2025.10.31"]
[SourceQuality "1"]

1. d4 d6 2. e4 Nf6 3. Nc3 g6 4. Bg5 Bg7 5. Nf3 d5 6. Bxf6 exf6 7. exd5 O-O 8. Be2 Nd7 9. O-O Nb6 10. Nd2 Nxd5 11. Nxd5 Qxd5 12. c3 c6 13. Bf3 Qd8 14. Qb3 g5 15. g3 f5 16. Rad1 g4 17. Bg2 f4 18. Rfe1 Kh8 19. Nc4 Be6 20. Rxe6 fxe6 21. Qxb7 f3 22. Bf1 e5 23. Re1 exd4 24. Re7 Rb8 25. Qxa7 Ra8 26. Qb7 Rb8 27. Qa7 Ra8 28. Qb7 Rb8 1/2-1/2

[Event "Coventry International"]
[Site "Coventry"]
[Date "2025.10.28"]
[Round "5.4"]
[White "Turner, Max N"]
[Black "Gormally, Daniel W"]
[Result "1-0"]
[WhiteElo "2255"]
[BlackElo "2396"]
[PlyCount "71"]
[EventDate "2025.10.26"]
[EventType "swiss"]
[EventRounds "9"]
[EventCountry "ENG"]
[SourceTitle "BritBase"]
[Source "John Saunders"]
[SourceDate "2025.10.31"]
[SourceVersion "1"]
[SourceVersionDate "2025.10.31"]
[SourceQuality "1"]

1. d4 d5 2. c4 dxc4 3. e3 Nf6 4. Bxc4 e6 5. Nf3 a6 6. a4 b6 7. O-O Bb7 8. Nc3 Bb4 9. Qe2 O-O 10. Rd1 Nbd7 11. Ne5 Qe7 12. Nd3 Bxc3 13. bxc3 Ne4 14. Bb2 c5 15. f3 Nd6 16. Ba2 Rfc8 17. Ba3 Bc6 18. dxc5 Nb7 19. Rdb1 bxc5 20. e4 Na5 21. Qc2 Nb7 22. Qf2 Qd6 23. Qe3 Qc7 24. Bb2 c4 25. Bxc4 Bxe4 26. Bxa6 Rxa6 27. fxe4 Nb6 28. c4 Nxc4 29. Qg5 Nxb2 30. Rxb2 Nd6 31. Rc1 Rc6 32. Re1 Qa7+ 33. Kh1 Qd4 34. Ne5 Qxb2 35. Nxc6 Qc3 36. Rc1 1-0

[Event "Coventry International"]
[Site "Coventry"]
[Date "2025.10.28"]
[Round "5.5"]
[White "Lohia, Sohum"]
[Black "Lewis, Andrew P"]
[Result "1-0"]
[WhiteElo "2391"]
[BlackElo "2268"]
[PlyCount "41"]
[EventDate "2025.10.26"]
[EventType "swiss"]
[EventRounds "9"]
[EventCountry "ENG"]
[SourceTitle "BritBase"]
[Source "John Saunders"]
[SourceDate "2025.10.31"]
[SourceVersion "1"]
[SourceVersionDate "2025.10.31"]
[SourceQuality "1"]

1. e4 c5 2. Nf3 d6 3. d4 cxd4 4. Nxd4 Nf6 5. Nc3 Nc6 6. Bg5 e6 7. Qd3 a6 8. Nxc6 bxc6 9. O-O-O Qa5 10. Qg3 Rb8 11. Bc4 Be7 12. h4 Bd7 13. Bb3 h5 14. Rxd6 Bxd6 15. Qxd6 Qb4 16. Qe5 c5 17. a3 Qb6 18. Nd5 Nxd5 19. Qxg7 Rf8 20. exd5 Bb5 21. dxe6 1-0

[Event "Coventry International"]
[Site "Coventry"]
[Date "2025.10.28"]
[Round "5.6"]
[White "Hebden, Mark L"]
[Black "Kanyamarala, Trisha"]
[Result "1/2-1/2"]
[WhiteElo "2355"]
[BlackElo "2149"]
[PlyCount "153"]
[EventDate "2025.10.26"]
[EventType "swiss"]
[EventRounds "9"]
[EventCountry "ENG"]
[SourceTitle "BritBase"]
[Source "John Saunders"]
[SourceDate "2025.10.31"]
[SourceVersion "1"]
[SourceVersionDate "2025.10.31"]
[SourceQuality "1"]

1. Nf3 d5 2. e3 Nf6 3. b3 Bg4 4. Bb2 Nbd7 5. c4 e6 6. Be2 Bd6 7. Qc2 c6 8. Nc3 Rc8 9. d3 e5 10. h3 Be6 11. Rc1 Qe7 12. Qb1 a6 13. Rc2 O-O 14. O-O Bb8 15. Ng5 Bf5 16. e4 dxe4 17. dxe4 Bg6 18. Rd2 b5 19. Rfd1 b4 20. Na4 h6 21. Nf3 Bxe4 22. Rxd7 Qxd7 23. Qc1 Qe7 24. Qe3 c5 25. Nh2 Rfe8 26. Ng4 Nxg4 27. hxg4 Bb7 28. Nb6 Rcd8 29. Nd5 Bxd5 30. cxd5 e4 31. g3 Rd6 32. Kg2 Ba7 33. Bc4 Rg6 34. a3 a5 35. a4 Rd8 36. Qe2 Bb8 37. Rh1 Re8 38. Rh5 e3 39. f3 Rg5 40. Rh1 Rd8 41. Rd1 h5 42. Qd3 Qd6 43. f4 Rxg4 44. Be5 Qh6 45. d6 h4 46. Bxf7+ Kh8 47. f5 Qg5 48. Qe2 Rxg3+ 49. Bxg3 Qxg3+ 50. Kh1 Qh3+ 51. Kg1 Qxf5 52. Bc4 Rxd6 53. Rxd6 Bxd6 54. Qxe3 Be5 55. Kg2 Qg4+ 56. Kf1 Qf5+ 57. Kg2 Qc2+ 58. Kh3 Qf5+ 59. Kxh4 g5+ 60. Kh5 g4+ 61. Kh4 Kg7 62. Bd3 Bf6+ 63. Kg3 Qh5 64. Kg2 Be5 65. Qe4 Qh3+ 66. Kf2 Qh2+ 67. Kf1 Qh3+ 68. Ke2 Qh2+ 69. Kf1 Qh3+ 70. Ke2 Qh5 71. Qf5 Qh2+ 72. Kd1 Qh1+ 73. Ke2 Qg2+ 74. Qf2 Qd5 75. Qf5 Qg2+ 76. Qf2 Qxf2+ 77. Kxf2 1/2-1/2

[Event "Coventry International"]
[Site "Coventry"]
[Date "2025.10.28"]
[Round "5.7"]
[White "Balaji, Aaravamudhan"]
[Black "Dicen, Elis Denele"]
[Result "1-0"]
[WhiteElo "2288"]
[BlackElo "2123"]
[PlyCount "79"]
[EventDate "2025.10.26"]
[EventType "swiss"]
[EventRounds "9"]
[EventCountry "ENG"]
[SourceTitle "BritBase"]
[Source "John Saunders"]
[SourceDate "2025.10.31"]
[SourceVersion "1"]
[SourceVersionDate "2025.10.31"]
[SourceQuality "1"]

1. d4 Nf6 2. c4 g6 3. Nc3 Bg7 4. e4 d6 5. Be2 O-O 6. Be3 c5 7. d5 e6 8. Nf3 exd5 9. cxd5 Bg4 10. Nd2 Bxe2 11. Qxe2 Na6 12. O-O Re8 13. h3 Nc7 14. a4 Nxe4 15. Ndxe4 f5 16. Nxc5 dxc5 17. Qc4 Bxc3 18. Qxc3 Qxd5 19. Rad1 Qf7 20. Bxc5 Ne6 21. Bd6 Rac8 22. Qb4 Ng5 23. f4 Ne4 24. Be5 Qe7 25. Qb3+ Qf7 26. Qe3 b6 27. Rd4 Re7 28. Rfd1 Nc5 29. Qf3 Ne6 30. Rd6 Nc5 31. a5 bxa5 32. Rc6 Ree8 33. Rf6 Qc4 34. Rd4 Qc1+ 35. Kh2 Ne4 36. Qb3+ Kg7 37. Qf7+ Kh6 38. Rxg6+ hxg6 39. Qg7+ Kh5 40. Qh7# 1-0

[Event "Coventry International"]
[Site "Coventry"]
[Date "2025.10.28"]
[Round "5.8"]
[White "Lebedev, Lion"]
[Black "Wang, Hao ZJ"]
[Result "0-1"]
[WhiteElo "2091"]
[BlackElo "2424"]
[PlyCount "80"]
[EventDate "2025.10.26"]
[EventType "swiss"]
[EventRounds "9"]
[EventCountry "ENG"]
[SourceTitle "BritBase"]
[Source "John Saunders"]
[SourceDate "2025.10.31"]
[SourceVersion "1"]
[SourceVersionDate "2025.10.31"]
[SourceQuality "1"]

1. e4 e5 2. Nf3 Nc6 3. Bb5 a6 4. Ba4 d6 5. O-O Bd7 6. c3 g6 7. d4 Bg7 8. h3 Nf6 9. Re1 O-O 10. Nbd2 Re8 11. Bc2 b5 12. Nf1 Bc8 13. a4 Bb7 14. d5 Ne7 15. Be3 c6 16. dxc6 Bxc6 17. Ng3 Qc7 18. b4 d5 19. Bc5 Rad8 20. Qb1 dxe4 21. Nxe4 Ned5 22. Nxf6+ Bxf6 23. axb5 Nxc3 24. Qb3 Nxb5 25. Rxa6 Qc8 26. Rb6 Kg7 27. Be4 Bxe4 28. Rxe4 Qa8 29. Qe3 Nc3 30. Rxf6 Nxe4 31. Rb6 Qd5 32. Kh2 h6 33. Nh4 Ng5 34. f4 exf4 35. Qxf4 Re6 36. Rb8 Re4 37. Rxd8 Qxd8 38. Qg3 Rxh4 39. Bb6 Rxh3+ 40. Qxh3 Qxb6 0-1

[Event "Coventry International"]
[Site "Coventry"]
[Date "2025.10.28"]
[Round "5.9"]
[White "Vaidyanathan, Adithya"]
[Black "Harikrishnan, A Ra"]
[Result "1-0"]
[WhiteElo "2129"]
[BlackElo "2534"]
[PlyCount "111"]
[EventDate "2025.10.26"]
[EventType "swiss"]
[EventRounds "9"]
[EventCountry "ENG"]
[SourceTitle "BritBase"]
[Source "John Saunders"]
[SourceDate "2025.10.31"]
[SourceVersion "1"]
[SourceVersionDate "2025.10.31"]
[SourceQuality "1"]

1. d4 Nf6 2. c4 e6 3. Nc3 Bb4 4. f3 c6 5. e4 d5 6. cxd5 cxd5 7. e5 Nfd7 8. f4 Bxc3+ 9. bxc3 Qc7 10. Qb3 b6 11. Ba3 Ba6 12. Bd6 Qc6 13. Bxa6 Nxa6 14. a4 f5 15. Nf3 Rc8 16. Kd2 h6 17. Ra3 Kf7 18. Qb5 Nab8 19. Rb1 Rhg8 20. h4 a6 21. Qe2 Qc4 22. Qxc4 Rxc4 23. Kd3 Rcc8 24. Bxb8 Rxb8 25. Rb4 Rbc8 26. Rab3 Rc6 27. g3 Kg6 28. c4 Rgc8 29. cxd5 exd5 30. e6 Rxe6 31. Ne5+ Nxe5+ 32. dxe5 Rcc6 33. Kd4 Kf7 34. Kxd5 Ke7 35. h5 Kd7 36. a5 b5 37. g4 fxg4 38. f5 Re7 39. e6+ Kc7 40. Rxg4 Rc1 41. Rbg3 Rd1+ 42. Ke4 Re1+ 43. Kd3 Re5 44. Rxg7 Kd6 45. Rxe7 Kxe7 46. Rg7+ Kd6 47. Rd7+ Kc6 48. Rf7 Kd6 49. Kd4 Rd5+ 50. Ke4 Re5+ 51. Kf4 Re1 52. Rd7+ Kc6 53. Ra7 Kd5 54. e7 b4 55. f6 b3 56. Rb7 1-0

[Event "Coventry International"]
[Site "Coventry"]
[Date "2025.10.28"]
[Round "5.10"]
[White "Roberts, Paul E"]
[Black "Jackson, James P"]
[Result "0-1"]
[WhiteElo "2098"]
[BlackElo "2365"]
[PlyCount "112"]
[EventDate "2025.10.26"]
[EventType "swiss"]
[EventRounds "9"]
[EventCountry "ENG"]
[SourceTitle "BritBase"]
[Source "John Saunders"]
[SourceDate "2025.10.31"]
[SourceVersion "1"]
[SourceVersionDate "2025.10.31"]
[SourceQuality "1"]

1. Nf3 Nf6 2. c4 g6 3. b4 Bg7 4. Bb2 O-O 5. g3 d6 6. Bg2 e5 7. d3 Nbd7 8. O-O c6 9. Nc3 d5 10. cxd5 cxd5 11. Qb3 d4 12. Nb5 Nb6 13. a4 Be6 14. Qd1 Nfd5 15. a5 Nc8 16. Qd2 f6 17. Na3 Nd6 18. Kh1 Rc8 19. Rac1 Qd7 20. Nc4 Rfd8 21. e4 Nc7 22. Nxd6 Qxd6 23. Nh4 Nb5 24. f4 Rxc1 25. Bxc1 Nc3 26. fxe5 fxe5 27. Qb2 Rf8 28. Rxf8+ Bxf8 29. Nf3 h6 30. b5 Qc5 31. b6 a6 32. Qa1 g5 33. Bd2 Be7 34. Ne1 Qa3 35. Qxa3 Bxa3 36. Nc2 Bc5 37. Bc1 Kf7 38. h4 Bb3 39. Na1 Ba4 40. hxg5 hxg5 41. Bh3 Nb5 42. Bd7 Bb4 43. Bxg5 Bxa5 44. Bd8 Nc3 45. Bxa4 Nxa4 46. Nb3 Bb4 47. Bc7 Nc5 48. Bd6 Nxb3 49. Bxb4 Nc1 50. Kg2 Nxd3 51. Ba3 a5 52. Kf3 Nb4 53. Ke2 Kg6 54. Kf3 Nc2 55. Bc1 a4 56. Ke2 a3 0-1

[Event "Coventry International"]
[Site "Coventry"]
[Date "2025.10.28"]
[Round "5.11"]
[White "Talab, Rami"]
[Black "Shearsby, Jude"]
[Result "1/2-1/2"]
[WhiteElo "2052"]
[BlackElo "2330"]
[PlyCount "126"]
[EventDate "2025.10.26"]
[EventType "swiss"]
[EventRounds "9"]
[EventCountry "ENG"]
[SourceTitle "BritBase"]
[Source "John Saunders"]
[SourceDate "2025.10.31"]
[SourceVersion "1"]
[SourceVersionDate "2025.10.31"]
[SourceQuality "1"]

1. d4 f5 2. e4 fxe4 3. Nc3 Nf6 4. Bg5 g6 5. Bxf6 exf6 6. Nxe4 d5 7. Ng3 Bd6 8. Bd3 Qe7+ 9. Qe2 Bg4 10. Qxe7+ Kxe7 11. h3 Be6 12. Nf3 Nd7 13. c3 Kf7 14. O-O-O c6 15. a3 a5 16. Kb1 b5 17. b4 Nb6 18. Nd2 axb4 19. axb4 Ra3 20. Kb2 Bxb4 21. cxb4 Rxd3 22. Nb3 Rxd1 23. Rxd1 h5 24. Ra1 Na4+ 25. Kc2 Re8 26. Kd2 h4 27. Nf1 Nb6 28. Ra7+ Re7 29. Rxe7+ Kxe7 30. Ne3 Nc4+ 31. Kd3 g5 32. Nd2 Bg8 33. Ndxc4 dxc4+ 34. Kd2 Ke6 35. Nd1 Kf5 36. f3 Kf4 37. Ke2 Kg3 38. Kf1 Bh7 39. Nc3 Bd3+ 40. Kg1 f5 41. d5 cxd5 42. Nxd5 g4 43. hxg4 fxg4 44. fxg4 Be4 45. Nc3 Bxg2 46. Ne2+ Kf3 47. Nd4+ Ke4 48. Nxb5 Bf3 49. g5 Bh5 50. Nd6+ Kd5 51. Nxc4 Kxc4 52. Kh2 Bg4 53. g6 Be6 54. g7 Kb5 55. g8=R Bxg8 56. Kh3 Ba2 57. Kg4 Bb3 58. Kh3 Ba4 59. Kxh4 Bc2 60. Kg3 Bh7 61. Kf4 Bg8 62. Ke5 Ba2 63. Kd4 Kxb4 1/2-1/2

[Event "Coventry International"]
[Site "Coventry"]
[Date "2025.10.28"]
[Round "5.12"]
[White "Mirzoeva, Elmira"]
[Black "Arun, Nitish"]
[Result "1-0"]
[WhiteElo "2300"]
[BlackElo "2094"]
[PlyCount "51"]
[EventDate "2025.10.26"]
[EventType "swiss"]
[EventRounds "9"]
[EventCountry "ENG"]
[SourceTitle "BritBase"]
[Source "John Saunders"]
[SourceDate "2025.10.31"]
[SourceVersion "1"]
[SourceVersionDate "2025.10.31"]
[SourceQuality "1"]

1. Nf3 Nf6 2. c4 e6 3. Nc3 b6 4. g3 Bb7 5. Bg2 c5 6. O-O Be7 7. Re1 O-O 8. e4 d6 9. d4 cxd4 10. Nxd4 Qc8 11. b3 Rd8 12. Bb2 Nc6 13. Rc1 a6 14. Nd5 exd5 15. cxd5 Qc7 16. dxc6 Bc8 17. a4 Ne8 18. Qd2 Bf8 19. b4 Ra7 20. Ne2 Qb8 21. Nf4 Nc7 22. Nh5 Ne6 23. f4 Nc7 24. f5 f6 25. Nxf6+ gxf6 26. Bxf6 1-0